Normal view
MARC view
- PUBLIC-PRIVATE SECTOR COOPERATION
Entry Topical Term
001 - CONTROL NUMBER
- control field: 3695
003 - CONTROL NUMBER IDENTIFIER
- control field: CBULib
005 - DATE AND TIME OF LATEST TRANSACTION
- control field: 20241106084815.0
008 - FIXED-LENGTH DATA ELEMENTS
- fixed length control field: 241007|| aca||babn | a|a d
040 ## - CATALOGING SOURCE
- Original cataloging agency: CBULib
150 ## - HEADING--TOPICAL TERM
- Topical term or geographic name entry element: PUBLIC-PRIVATE SECTOR COOPERATION